Repensar los derechos de los migrantes desde abajo

Detalles Bibliográficos
Autor principal: Medina Carrillo, Adriana Marcela
Formato: eBook
Lenguaje:español
Publicado: Colombia : Editorial Universidad de Rosario, 2011
Materias:
Acceso en línea:Acceso restringido

MARC

LEADER 00000nam a22000007a 4500
005 20120125111626.0
007 cr|||| ||||
008 120125s2011 ck |||||s|||| 00||0 spa d
020 |a 978-958-738-186-3 
035 |a 6132 
040 |a vLex 
090 |c 2947  |d 2947 
100 1 |a  Medina Carrillo, Adriana Marcela 
245 1 0 |a Repensar los derechos de los migrantes desde abajo  |h [Recurso electrn̤ico] /  |c Adriana Marcela Medina Carrillo 
256 |a Servicio en ln̕ea 
260 |a Colombia :  |b Editorial Universidad de Rosario,  |c 2011 
300 |a 1 recurso electrn̤ico 
506 1 |a Contenido solo disponible en los productos indicados  |d vLex Global   |d vLex Global (Academic Edition, excluding Law Schools)   |d vLex Global (U.S. Academic Edition, Law Schools)   |d vLex Global (U.S. Academic Edition, excluding Law Schools)   |d vLex Global (Academic Edition, Law Schools)  
650 0 4 |a Inmigrantes 
650 0 4 |a Emigracin̤ e inmigracin̤ 
740 0 |a vLex Libros (Servicio en ln̕ea) 
856 4 0 |u http://vlex.com/source/repensar-derechos-migrantes-desde-abajo-6132  |z Acceso restringido 
942 |c BOOK 
999 0 |a Emigration and immigration 
999 0 |a Immigrants